000 01371cad a22002535a 4500
001 E148980
008 091210s2009 xxk f s000 0 eng d
020 _a9781406159073
035 _a(Sirsi) u148980
041 0 _aeng
050 0 4 _a630.0269411 $2 18
110 2 _aScotland
_bScottish Government
_95344
245 0 0 _aCrofting Reform (Scotland) Bill
_b(as introduced)
_h[electronic resource]
260 _a[Edinburgh]
_bScottish Parliamentary Corporate Body
_c2009
490 0 _aSP Bill
_v(35)
520 _aA Bill introduced on 9 December 2009, which changes and renames the Crofters Commission and establishes a new map-based Crofting Register. The Bill also sets out duties of "owner-occupier crofters" and tenant crofters in relation to residency, misuse and neglect of crofts. It also amends provisions in the Crofters (Scotland) Act 1993 on decrofting, resumption, re-letting of vacant crofts and on obtaining consents, and makes various other amendments to crofting law.
521 _aAdvanced
590 _aKA
650 2 4 _aCROFTING REFORM (SCOTLAND) BILL
651 4 _aScotland
_y1999-
690 _aENVIRONMENTAL AND LAND CONSULTANCY-AGRIBUSINESS-AGRICULTURE
856 4 0 _uhttps://www.scottish.parliament.uk/S3_Bills/Crofting%20Reform%20(Scotland)%20Bill/b35s3-introd.pdf
_zView the Bill free of charge at www.scottish.parliament.uk...
942 _n0
999 _c110312
_d110312